MDQL
is popping MORE tags! Check the
thread
!
Quizzes
Events
Quiz Creation
Community
Videos
Private Events
Remove Ads
Sign In
Join for FREE
Feedback
Dark Mode
Quiz Categories
Sports
Geography
Music
Movies
Television
Just For Fun
Miscellaneous
History
Literature
Language
Science
Gaming
Entertainment
Religion
Holiday
For Kids
Quiz Lab
Recent
Popular Today
Quiz Kudos Today
Editor Picks
Curator Picks
Quizzes by...
Day
Popularity
Type
Ratings
Length
Year
Community
Subscriptions
Recent Discussions
Orange Saloon
Badges
Playlists
Quests
Create
Leaderboards
Showdown
Live 5
Trivia Bingo
Activity
Puzzle Library
Sporcle Events
Private Events
Virtual Trivia
Globe League
Become a Host
Pub Owners
SporcleCon
Opinionation
Our Games
Videos
Blog
Mobile Apps
Partnerships
Remove Ads and Go Orange
Feedback
Entertainment
Celebrity
Famous
Musical
Broadway
Show
Quote
Comic Books
Anime
Superhero
DC Comics
Marvel
Cartoons
Animation
Entertainment
Celebrity
Famous
Musical
Broadway
Show
Quote
Comic Books
Anime
Superhero
DC Comics
Marvel
Cartoons
Animation
Random Quiz
Search Sporcle
×
Quiz Lab
Quiz Lab
Entertainment
Ranger
Type in answers that appear in a list
Type in answers that appear in a list
Classic
Best Score? Go Orange.
Names of Power Rangers Stats
Can you name the Names of Power Rangers?
By
discodan42
15m
115 Questions
1,087 Plays
1,087 Plays
1,087 Plays
Comments
Comments
Give Quiz Kudos
Give Quiz Kudos
-
- Ratings
hide this ad
Replay
Link that replays current quiz
Next Quiz
Link to next quiz in quiz playlist
You Got
0%
They Got
Avg Score
62%
Avg Friend Score
Upgrade to see
Score Distribution
Jump to the score distribution portion of the page
Score
0/115
Timer
15:00
0
Plays Today
Type of Ranger
Civilian Name
% Correct
Red MMPR #1
Jason
92.2%
Gold Zeo Ranger
Jason
92.2%
Green MMPR
Tommy
92.1%
White MMPR
Tommy
92.1%
Red Zeo Ranger
Tommy
92.1%
Red Turbo Ranger #1
Tommy
92.1%
Black Dino Ranger
Tommy
92.1%
Blue MMPR
Billy
89.3%
Pink MMPR #1
Kim
89.3%
Black MMPR #1
Zack
87%
Yellow MMPR #1
Trini
86.7%
Pink MMPR #2
Kat
85.6%
Pink Zeo Ranger
Kat
85.6%
Pink Turbo Ranger #1
Kat
85.6%
Red MMPR #2
Rocky
83.9%
Blue Zeo Ranger
Rocky
83.9%
Black MMPR #2
Adam
83.5%
Green Zeo Ranger
Adam
83.5%
Green Turbo Ranger #1
Adam
83.5%
Yellow MMPR #2
Aisha
77.7%
Red Turbo Ranger #2
TJ
74.4%
Blue Space Ranger
TJ
74.4%
Blue Turbo Ranger
Justin
73%
Yellow Turbo Ranger #2
Ashley
72.1%
Yellow Space Ranger
Ashley
72.1%
Green Turbo Ranger #2
Carlos
71.8%
Black Space Ranger
Carlos
71.8%
Yellow Zeo Ranger
Tanya
71.8%
Yellow Turbo Ranger #1
Tanya
71.8%
Pink Turbo Ranger #2
Cassie
71%
Pink Space Ranger
Cassie
71%
Red Space Ranger
Andros
70.7%
Red Galaxy Ranger
Leo
69.5%
Magna Defender
Mike
66.1%
Red SPD Ranger
Jack
65.2%
Pink Time Force Ranger
Jen
65.1%
Red Lightspeed Ranger
Carter
64.9%
Red Time Force Ranger #2
Wes
64.1%
Red Wild Force Ranger
Cole
63.2%
Type of Ranger
Civilian Name
% Correct
Blue Galaxy Ranger
Kai
62.9%
Pink Galaxy Ranger #1
Kendrix
62.9%
Blue SPD Ranger
Sky
62.9%
Yellow Wind Ranger
Dustin
62.3%
Green SPD Ranger
Bridge
62.3%
Red Wind Ranger
Shane
62.2%
Yellow Galaxy Ranger
Maya
62.1%
Blue Wind Ranger
Tori
62%
Quantum Ranger
Eric
61.9%
Red Time Force Ranger #1
Alex
61.8%
Pink Galaxy Ranger #2
Karone
61.7%
Pink Lightspeed Ranger
Dana
61.5%
Crimson Thunder Ranger
Hunter
61.4%
Navy Thunder Ranger
Blake
61.4%
Black Wild Force Ranger
Danny
60.7%
Green Galaxy Ranger
Damon
60.6%
White Alien Ranger
Delphine
60.4%
Blue Wild Force Ranger
Max
60.2%
Yellow Dino Ranger
Kira
60.2%
Titanium Ranger
Ryan
60.1%
Omega Ranger
Sam
59.9%
Green Time Force Ranger
Trip
59.5%
Blue Lightspeed Ranger
Chad
59.4%
Blue Dino Ranger
Ethan
59.4%
Green Lightspeed Ranger
Joel
59%
Pink SPD Ranger
Syd
59%
Blue Time Force Ranger
Lucas
58.9%
Yellow Time Force Ranger
Katie
58.9%
Red Alien Ranger
Aurico
58.8%
Red Mystic Force Ranger
Nick
58.6%
White Dino Ranger
Trent
57.9%
Yellow Lightspeed Ranger
Kelsey
57.4%
Yellow Wild Force Ranger
Taylor
56.9%
Shadow Ranger
Doggie
56.7%
White Wild Force Ranger
Alyssa
56.6%
Lunar Wolf Ranger
Merrick
56.5%
Yellow Mystic Force Ranger
Chip
55.7%
Green Mystic Force Ranger
Xander
55%
Blue Alien Ranger
Cestro
54.6%
Type of Ranger
Civilian Name
% Correct
Blue Mystic Force Ranger
Madison
54.6%
Pink Mystic Force Ranger
Vida
54.2%
Green Samari Ranger
Cameron
54%
Red Jungle Fury Ranger
Casey
53.9%
Red Overdrive Ranger
Mack
53.6%
Yellow Alien Ranger
Tideus
53%
Black Alien Ranger
Corcus
52.8%
Violet Wolf Ranger
RJ
52.1%
Red Dino Ranger
Connor
51.9%
Nova Ranger
Nova
51.8%
Silver Space Ranger
Zane
51.7%
Pink Overdrive Ranger
Rose
51.1%
Yellow Jungle Fury Ranger
Lily
51.1%
Red RPM Ranger
Scott
50.9%
Blue Jungle Fury Ranger
Theo
50.8%
RPM Ranger Series Gold
Gem
50.8%
Black Overdrive Ranger
Will
50.7%
White Mystic Ranger
Udonna
50.3%
Blue Overdrive Ranger
Dax
50%
RPM Ranger Series Silver
Gemma
49.9%
Green RPM Ranger
Ziggy
49.7%
Yellow RPM Ranger
Summer
49.7%
Black RPM Ranger
Dillon
49.5%
Solaris Knight
Daggeron
48.3%
Mysterious Ranger of Turbo season
Phantom Ranger
48.1%
Yellow Overdrive Ranger
Ronny
47.7%
White Rhino Ranger
Dominic
47.4%
Blue RPM Ranger
Flynn
46.9%
Knightwolf
Leanbow
46.2%
Mercury Ranger
Tyzonn
45.1%
Yellow SPD Ranger
Z
41.4%
Elephant Spirit Ranger
Master Phant
40.3%
Shark Spirit Ranger
Master Finn
40.3%
Bat Spirit Ranger
Master Swoop
40.1%
Robot Ranger of Turbo season
Blue Centurion
32%
Kat Ranger
Manx
24%
Superior Being Helping the Rangers in Overdrive
The Sentinel Knight
22.7%
Quiz Playlist
Details
Report
Send in Message
Add To Playlist
Classic:
Type in answers that appear in a list
Quiz Source
Last Updated: Feb 16, 2017
Quiz Scoreboard
CHALLENGE
Sign Up to Join the Scoreboard
Show All
Scores
Hide
Comments
May contain spoilers
Recently Published
Colored Red Africa Blitz
by spor1
Geography
30s
Find the 'City' Movie
by crazypaving
Movies
60s
5x2 Blitz: Bands
by SL_Kpop136
Music
30s
More to Explore
Quiz From the Vault
Featured Blog Post
14 Easter Pick-up Lines to Find Eggs With
hide this ad
You Might Also Like...
Tags
Civilian
Power
Power Rangers
Ranger
Today's Top Quizzes in Entertainment
Browse Entertainment
hide this ad
Today's Top Quizzes in Ranger
Browse Ranger
Top Contributed Quizzes in Entertainment
1
Marvel Classic Character Map
2
Dragon Ball Z: Goku's Fights in Order
3
Marvel Characters Bunker
4
JoJo's Bizarre Logic Quiz
5
This is Your Life: Edward Elric
6
Celebrity Spelling Bee
7
This is Your Life: Itachi Uchiha
8
BOYS PLANET Quiz
9
Sorting Pictures: Villains
10
One Piece Heroines Chapter Cover
Explore More
Trending Topics
Harry Potter
Disney
Marvel
Kpop
Anime
Crossword
NBA
Song
The Office
Puzzle
WWE
NFL
Country
Pokémon
Soccer
hide this ad
More By:
discodan42
Quiz
Plays
Rating
Category
Featured
Created
Names of Power Rangers
1,087
5.00
Entertainment
Feb 16, 2010
City Names in Power Rangers
903
5.00
Television
Oct 6, 2010
Daytime Emmy for Lead Actor
179
Television
Mar 4, 2010
Daytime Emmy for Younger Actress
137
Television
Mar 4, 2010
Daytime Emmy for Younger Actor
94
Television
Mar 4, 2010
Go to Creator's Profile
Score Distribution
Quiz Creator Spotlight
discodan42
Follow
Send a Message
Quizzes Created
-
Created Quiz Play Count
-
More By This Creator
Popular Quizzes Today
1
Colored Red Africa Blitz
2
Find the US States - No Outlines Minefield
3
Find the 'City' Movie
4
5x2 Blitz: Bands
5
The Countries of the World
6
Find the US States
7
Find the Countries of Europe - No Outlines Minefield
8
US States
More Entertainment Quizzes
15 Seconds of Jessica
Quiz Lab
Trending Quizzes
Colored Red Europe Blitz I
Colored Red Europe Blitz II
Colored Red Africa Blitz II
Colored Red Europe Blitz III
Colored Red Africa Blitz III
Recently Updated
How Do You Spell That?
pecheneg
Godzilla Movies
pecheneg
Grab Bag: 4-10 Letters
pecheneg
2024 March Madness Bracket
pecheneg
Famous TV Couples
Peacemaker
Champions League XIs: Real Madrid
pecheneg
Largest US Cities 1790-2010
pecheneg
Rides in Walt Disney World
pecheneg
Most Oscar Losses (Acting)
pecheneg
Beyoncé Albums
pecheneg
Trending Topics
Kpop
Crossword
NBA
Anime
Harry Potter
Marvel
Disney
WWE
Puzzle
Pokémon
Soccer
Country
The Office
Song
NFL
Your Account Isn't Verified!
In order to create a playlist on Sporcle, you need to verify the email address you used during registration. Go to your
Sporcle Settings
to finish the process.
Report this User
Report this user for behavior that violates our
Community Guidelines
.
Details:
Send Report
Go to the Sporcle.com Mobile Site →
Comments